New horizons in organizational cognition /

Bibliographic Details
Other Authors: Toma, Claudia, (Editor), Menezes, Igor, (Editor), Secchi, David, (Editor)
Format: eBook
Language:English
Published: [Place of publication not identified] : Emerald Publishing Limited, 2021.
Series:International journal of organization theory and behavior ; Volume 24, Number 3,
Subjects:
Online Access:Click to View
LEADER 01556nam a2200385 i 4500
001 EBC6870864
003 MiAaPQ
005 20220210122454.0
006 m o d |
007 cr cnu||||||||
008 220210s2021 xx o 000 0 eng d
020 |a 9781803821665  |q (electronic bk.) 
035 |a (MiAaPQ)EBC6870864 
035 |a (Au-PeEL)EBL6870864 
035 |a (OCoLC)1294142233 
040 |a MiAaPQ  |b eng  |e rda  |e pn  |c MiAaPQ  |d MiAaPQ 
050 4 |a HD30.2  |b .N49 2021 
082 0 |a 658.4  |2 23 
245 0 0 |a New horizons in organizational cognition /  |c Claudia Toma, Igor Menezes; David Secchi. 
264 1 |a [Place of publication not identified] :  |b Emerald Publishing Limited,  |c 2021. 
300 |a 1 online resource (101 pages). 
336 |a text  |b txt  |2 rdacontent 
337 |a computer  |b c  |2 rdamedia 
338 |a online resource  |b cr  |2 rdacarrier 
490 0 |a International journal of organization theory and behavior ;  |v Volume 24, Number 3,  |x 1093-4537 
588 |a Description based on print version record. 
590 |a Electronic reproduction. Ann Arbor, MI : ProQuest, 2018. Available via World Wide Web. Access may be limited to ProQuest affiliated libraries. 
650 0 |a Knowledge management  |v Periodicals. 
650 0 |a Decision making  |v Periodicals. 
655 4 |a Electronic books. 
700 1 |a Toma, Claudia,  |e editor. 
700 1 |a Menezes, Igor,  |e editor. 
700 1 |a Secchi, David,  |e editor. 
797 2 |a ProQuest (Firm) 
856 4 0 |u https://ebookcentral.proquest.com/lib/matrademy/detail.action?docID=6870864  |z Click to View